Wattay International Airport Destinations (Vientiane, Laos) - Map - Statistics

General Stats
  • This quiz has been taken 18 times
  • The average score is 22 of 43
Answers on the Map
Answers color-coded by a green-red scale on the quiz's map according to % correct below.
 
Answer Stats
Destination % Correct
Beijing (Daxing)
100%
Kuala Lumpur (International)
100%
Seoul (Incheon)
100%
Shanghai (Pudong)
100%
Bangkok (Don Mueang)
94%
Bangkok (Suvarnabhumi)
94%
Guangzhou
94%
Ho Chi Minh City
94%
Hong Kong
94%
Shenzhen
94%
Singapore
94%
Busan
88%
Hanoi
88%
Chengdu (Tianfu)
81%
Phnom Penh
81%
Xi'an
81%
Chongqing
75%
Yangon
69%
Hangzhou
63%
Kunming
63%
Daegu
56%
Fuzhou
56%
Changsha
50%
Haikou
50%
Luang Prabang
50%
Wenzhou
38%
Lanzhou
25%
Muan
25%
Pakse
25%
Wuxi
25%
Cheongju
13%
Hefei
13%
Quanzhou
13%
Changzhou
6%
Phongsali
6%
Savannakhet
6%
Bokeo
0%
Luang Namtha
0%
Oudomxay
0%
Sayaboury
0%
Xam Neua
0%
Xepon
0%
Xiangkhoang
0%
No matching quizzes found
Score Distribution
Percent of People with Each Score
Percentile by Number Answered
Your Score History
You have not taken this quiz